বাঙ্গালা সাহিত্যের ইতিহাস / (Record no. 57576)
[ view plain ]
| 000 -LEADER | |
|---|---|
| fixed length control field | 00996nam a2200241 a 4500 |
| 001 - CONTROL NUMBER | |
| control field | 57576 |
| 003 - CONTROL NUMBER IDENTIFIER | |
| rucl marc code | BD-RjUL |
| 005 - DATE AND TIME OF LATEST TRANSACTION | |
| control field | 20211209080530.0 |
| 008 - FIXED-LENGTH DATA ELEMENTS--GENERAL INFORMATION | |
| fixed length control field | 161210m19581955ii ||||| |||| 00| 0 ben d |
| 020 ## - INTERNATIONAL STANDARD BOOK NUMBER | |
| Terms of availability | : IRs. 10.00 |
| 035 ## - SYSTEM CONTROL NUMBER | |
| System control number | (BD-RjUL)57700 |
| 040 ## - CATALOGING SOURCE | |
| Original cataloging agency | BD-RjUL |
| Language of cataloging | ben |
| Transcribing agency | BD-RjUL |
| Modifying agency | BD-RjUL |
| 041 ## - LANGUAGE CODE | |
| Language code of text/sound track or separate title | ben |
| 082 ## - DEWEY DECIMAL CLASSIFICATION NUMBER | |
| Classification number | 891.4409 |
| Author mark and year | SEB 1955-1958 |
| Edition number | 23 |
| 100 1# - MAIN ENTRY--PERSONAL NAME | |
| Personal name | সেন, সুকুমার |
| 9 (RLIN) | 117517 |
| 245 10 - TITLE STATEMENT | |
| Title | বাঙ্গালা সাহিত্যের ইতিহাস / |
| Statement of responsibility, etc. | সুকুমার সেন |
| 260 ## - PUBLICATION, DISTRIBUTION, ETC. (IMPRINT) | |
| Place of publication, distribution, etc. | কলিকাতা : |
| Name of publisher, distributor, etc. | বর্দ্ধমান সাহিত্য সভা, |
| Date of publication, distribution, etc. | ১৯৫৫-১৯৫৮ |
| 300 ## - PHYSICAL DESCRIPTION | |
| Pagination | খণ্ড ; |
| Size | ২৩ সেমি. |
| 505 1# - FORMATTED CONTENTS NOTE | |
| Formatted contents note | খণ্ড ২ -- খণ্ড ৪, (১৮৯১-১৯৪১) -- |
| 650 ## - SUBJECT ADDED ENTRY--TOPICAL TERM | |
| Topical term or geographic name as entry element | বাংলা সাহিত্য |
| General subdivision | ইতিহাস ও সমালোচনা |
| 9 (RLIN) | 117518 |
| Topical term or geographic name as entry element | Bengali literature |
| Form subdivision | History and Criticism |
| 9 (RLIN) | 117446 |
| 942 ## - ADDED ENTRY ELEMENTS (KOHA) | |
| Source of classification or shelving scheme | Dewey Decimal Classification |
| Koha item type | Books |
| Lost status | Source of classification or shelving scheme | Damaged status | Not for loan | Collection code | Permanent Location | Current Location | Shelving location | Date acquired | Source of acquisition | Cost, normal purchase price | Total Checkouts | Full call number | Date last seen | Copy number | Koha item type |
|---|---|---|---|---|---|---|---|---|---|---|---|---|---|---|---|
| Dewey Decimal Classification | Not For Loan | Non-fiction | Central Library, University of Rajshahi | Central Library, University of Rajshahi | Reading Room | 19/02/1965 | Mirza book | 17.40 | B 891.4409 SEB V-4 1958 | 10/12/2016 | C-1 | Books | |||
| Dewey Decimal Classification | Fiction | Central Library, University of Rajshahi | Central Library, University of Rajshahi | 17/11/1962 | Kamala Book, Calcutta | 10.00 | B 891.4409 SEB V-4 1958 | 06/12/2017 | C-2 | Books | |||||
| Dewey Decimal Classification | Fiction | Central Library, University of Rajshahi | Central Library, University of Rajshahi | 15/03/1962 | Faruque Library, Rajshahi | 11.60 | B 891.4409 SEB V-4 1958 | 06/12/2017 | C-3 | Books | |||||
| Dewey Decimal Classification | Not For Loan | Fiction | Central Library, University of Rajshahi | Central Library, University of Rajshahi | Reading Room | 16/07/1956 | Nowroze Kitabistan, Dacca | 11.40 | B 891.4409 SEB V-2 1955 | 07/12/2017 | C-1 | Books |